Transistor circuit design (Record no. 23504)

000 -LEADER
fixed length control field 00584nam a22002171 4500
001 - CONTROL NUMBER
control field 23504
003 - CONTROL NUMBER IDENTIFIER
control field BD-DhUET
008 - FIXED-LENGTH DATA ELEMENTS--GENERAL INFORMATION
fixed length control field 721219s1963 nyua b 000 0 eng
040 ## - CATALOGING SOURCE
Original cataloging agency DLC
Transcribing agency DLC
Modifying agency BD-DhUET
082 ## - DEWEY DECIMAL CLASSIFICATION NUMBER
Classification number 623.8151
Item number TEX/1963
110 ## - MAIN ENTRY--CORPORATE NAME
Corporate name or jurisdiction name as entry element Texas Instruments Incorporated
245 10 - TITLE STATEMENT
Title Transistor circuit design
250 ## - EDITION STATEMENT
Edition statement 1st ed.
260 ## - PUBLICATION, DISTRIBUTION, ETC. (IMPRINT)
Place of publication, distribution, etc. New York
Name of publisher, distributor, etc. McGraw-Hill
Date of publication, distribution, etc. 1963
300 ## - PHYSICAL DESCRIPTION
Extent xi, 523 p.
Other physical details ill.
Dimensions 26 cm.
504 ## - BIBLIOGRAPHY, ETC. NOTE
Bibliography, etc Includes bibliographies
650 #0 - SUBJECT ADDED ENTRY--TOPICAL TERM
Topical term or geographic name as entry element Transistor : Electronics
700 ## - ADDED ENTRY--PERSONAL NAME
Personal name Walston, Joseph A.
700 ## - ADDED ENTRY--PERSONAL NAME
Personal name Miller, John R.
942 ## - ADDED ENTRY ELEMENTS (KOHA)
Koha item type Corporate Publication
Holdings
Shelving location Price effective from Koha item type Koha full call number Copy number Lost status Location (home branch) Not for loan Damaged status Source of classification or shelving scheme Withdrawn status Date acquired Koha normalized classification for sorting Piece designation (barcode) Sublocation or collection (holding branch) Koha date last seen
Circulation section2015-05-04Corporate Publication623.8151/TEX/1963 1 Central Library, BUET    2015-05-04623_815100000000000_TEX_196330610Central Library, BUET2015-05-04
Circulation section2015-05-04Corporate Publication623.8151/TEX/19632 Central Library, BUET    2015-05-04623_815100000000000_TEX_196330607Central Library, BUET2015-05-04
Circulation section2015-05-04Corporate Publication623.8151/TEX/1963 3 Central Library, BUET    2015-05-04623_815100000000000_TEX_196330612Central Library, BUET2015-05-04
Circulation section2015-05-04Corporate Publication623.8151/TEX/19634 Central Library, BUET    2015-05-04623_815100000000000_TEX_196330613Central Library, BUET2015-05-04
Circulation section2015-05-04Corporate Publication623.8151/TEX/1963 5 Central Library, BUET    2015-05-04623_815100000000000_TEX_196326687Central Library, BUET2015-05-04
Circulation section2015-05-07Corporate Publication623.8151/TEX/19636 Central Library, BUET    2015-05-07623_815100000000000_TEX_196330608Central Library, BUET2015-05-07
Circulation section2015-05-07Corporate Publication623.8151/TEX/19637 Central Library, BUET    2015-05-07623_815100000000000_TEX_196330606Central Library, BUET2015-05-07
Circulation section2015-05-07Corporate Publication623.8151/TEX/19638 Central Library, BUET    2015-05-07623_815100000000000_TEX_196330609Central Library, BUET2015-05-07
Reading section2015-06-25Corporate Publication623.8151/TEX/19639 Central Library, BUET    2015-06-25623_815100000000000_TEX_196330604Central Library, BUET2015-06-25
Reading section2015-06-25Corporate Publication623.8151/TEX/196310 Central Library, BUET    2015-06-25623_815100000000000_TEX_19639968Central Library, BUET2015-06-25
Reading section2015-06-25Corporate Publication623.8151/TEX/196311 Central Library, BUET    2015-06-25623_815100000000000_TEX_196330605Central Library, BUET2015-06-25